| 000 | 01100nas a2200361 4500 | ||
|---|---|---|---|
| 001 | BR2022000657 | ||
| 003 | BR-BrBNA | ||
| 005 | 20231205132302.0 | ||
| 007 | ta | ||
| 008 | 230509b bl.|||p| |||| 00| 00por d | ||
| 040 |
_aBR-BrBNA _bpor _cBiblioteca Nacional de Agricultura |
||
| 041 | _a(Pt) | ||
| 072 | _aF61; F04 | ||
| 100 | 1 | _aSilva, T.R.B. da | |
| 100 | 1 | _aTiburcio, M.G.G. | |
| 100 | 1 | _aComar, C.G. | |
| 100 | 1 | _aNovais, A.C. | |
| 100 | 1 | _aSilva, A.P. | |
| 100 | 1 | _aCarraro, T.V. | |
| 100 | 1 | _aBarbosa, N.A. | |
| 100 | 1 | _aSilva, G.D. da | |
| 100 | 1 | _aDucheski, L.P. | |
| 100 | 1 | _aFrigo, P. | |
| 100 | 1 | _aSoares, D.F.D.M. | |
| 245 | 1 | _aAplicação de boro via foliar na cultura do crambe cultivado em latossolo arenoso | |
| 650 | _aPLANTA OLEAGINOSA | ||
| 650 | _aADUBAÇÃO FOLIAR | ||
| 650 | _aMICROELEMENTO | ||
| 773 | 0 |
_tActa Iguazu (Brazil) _xISSN 2316-4093 _g(2017), v. 6(3) p. 52-55 _wBR2022000657 |
|
| 856 | 4 | 0 | _uhttps://e-revista.unioeste.br/index.php/actaiguazu/article/view/16515/11795 |
| 909 |
_a202311 _bLúcia _c55 _dLúcia Elande |
||
| 942 |
_2AGRIS _n0 _cANA |
||
| 999 |
_c259479 _d259479 |
||